The Annual of the British School at Athens

محفوظ في:

التنسيق: دورية

اللغة: Undetermined

منشور في: JSTOR
British School at Athens

الموضوعات:

الوصول للمادة أونلاين: Login to view Source

الوسوم: إضافة وسم

لا توجد وسوم, كن أول من يضع وسما على هذه التسجيلة!

رقم الطلب:

LEADER 00593nas a2200193Ia 4500
008 220214c99999999xx |||||||||||| ||und||
022 |a 0068-2454 
022 |a 2045-2403 
245 0 4 |a The Annual of the British School at Athens 
264 1 |b JSTOR 
264 1 |b British School at Athens 
362 0 |a Vol. 1(1894)-112 (2017) 
653 1 0 |a Classical Studies 
653 1 0 |a Humanities 
653 1 0 |a Social Sciences 
856 4 0 |u https://www.jstor.org/journal/annubritschoathe 
942 |c JL 
952 |0 0  |1 0  |4 0  |7 1  |9 33906  |a JSR  |b JSR  |d 2022-02-14  |l 0  |r 2022-02-14 00:00:00  |w 2022-02-14  |y JL 
999 |c 42240  |d 42240